000 00239nam a2200097Ia 4500
001 689536
005 20250826161636.0
008 250824s9999 xx 000 0 und d
245 0 _aFESLEĞEN
_cHİKMET ANIL ÖZTEKİN
260 _bHAYY YAYINLARI
999 _c689536
_d689536